000 00825cam a22002657a 4500
999 _c4899
_d4899
001 1668427
003 GZU
005 20210325091620.0
008 980212s1997 rh 000 0 sna
010 _a 97981474
020 _a0869226800
040 _aDLC
_cDLC
_dDLC
042 _alcode
050 0 0 _aPL8681
245 0 0 _aMadirativhange :
_bnhetembo dzine dapitapi /
_ccompiled by the Literature Bureau.
260 _aGweru, Zimbabwe :
_bMambo Press in Association with the Literature Bureau,
_c1997.
300 _a265 p. ;
_c21 cm.
500 _a"Elvas Mari"--Cover.
520 _aPoems.
700 1 _aMari, Elvas,
_d1962-
710 2 _aLiterature Bureau (Zimbabwe)
906 _a7
_bcbc
_corigode
_du
_encip
_f19
_gy-gencatlg
942 _2lcc
_cBK
_h8681
_iMAD
_kPL
_m1997